| 000 | 00846cam a2200241 4500 | ||
|---|---|---|---|
| 008 | 090401t1991 xxu||||| |||| 00| 0 eng d | ||
| 020 | _a0586090541 | ||
| 035 | _a(Sirsi) u58869 | ||
| 041 | _aeng | ||
| 050 | _a711.52 | ||
| 100 | _aSherlock, Harley | ||
| 245 | _aCities are good for us. | ||
| 260 |
_aLondon _bPaladin _c1991 |
||
| 300 | _a255p. : ill. ; 20cm. | ||
| 350 | _a6.99 | ||
| 520 | _aDescribes the evolution of cities and the problems caused by urban and transport planning. Suggests that it is possible to have high-density cities with lively urban centres, local shops and a safe environment if urban design and public transport policies are radically altered. | ||
| 650 | _aINNER CITY REDEVELOPMENT | ||
| 650 | _aLONDON | ||
| 650 | _aURBAN COMMUNITIES | ||
| 690 | _aURBAN RENEWAL | ||
| 942 | _n0 | ||
| 948 | _c04/03/1997 | ||
| 999 |
_c94116 _d94116 |
||